000 00576nam a2200205Ii 4500
003 JO-AjNU
008 230606s9999||||xx |||||||||||||| ||und||
020 _a981-238-303-4
040 _aJO-AjNU
_beng
_erda
_cJO-AjNU
041 _aeng
050 1 4 _aQC21.3.H.6.2004
100 3 _aLam,c.s ,واخرون,
_eauthor
_94154
245 0 0 _aInvitation Contemporary Phsics
264 3 1 _aNew jersy:World scientific,2004
300 _a482p
336 _atext
_btxt
_2rdacontent
337 _aunmediated
_bn
_2rdamedia
338 _avolume
_bnc
_2rdacarrier
650 4 _aphysics
_94155
999 _aE2162
_c2160
_d2160